00974nam a22002417a 45000010005000000030006000050050017000110080041000280200018000690400029000870820018001161000018001342450051001522600044002033000049002475050008002965200295003045210029005995210020006286500025006486500025006737000034006985362FISKH20241128123921.0241128b cb ||||| |||| 00| 0 eng d a9780237518790 aFISKHbengcFISKHdFISKH a790.094109044 aGardner, Faye aHaving Fun in Grandma's Day /cby Faye Gardner aLondon : bEvans Brother Ltd. ;c1997 . a30 pages : bcolor illustrations ;c25 cm .  aS  aEach of the books in this series present 20th-century history for the very young through a personal account of a real life Grandma's experiences in the 1930s, 1940s and 1950s. Each story is a first-person narrative and this text cover how children used to amuse themselves in grandma's day.8 a790 bLexile estimate 8 aS bRaz-Plus  aleisurevNon-fiction ahistoryvNon-fiction aLafford, Stuarteillustrator